00798nam a22002537a 4500003000500000005001700005008004100022010001000063011001000073020001500083035001100098040000900109100002200118245005200140260006100192300001000253490007100263500004000334650003000374650002800404650002500432650001600457830007100473CHAP20220329143431.0090715s2007 mx r 00010 spa d a96536 a97508 a9684846789 a108176 cCHAP1 aSantirso, Liliana10aCuando el desierto cantac/por Liliana Santirso aToluca, Méx. :bGobierno del Estado de México,c2007 a18 p. aBiblioteca Mexiquense del Bicentenario.pColección integración aImpreso en offset y sistema braille14aDiscapacitadoszMéxico.14aLecturas y narraciones.14aLiteratura mexicana.14aLiteratura. aBiblioteca Mexiquense del Bicentenario.pColección integración